000 02178nam0a2200361 4500
001 RU\NLR\bibl\1526507
005 20250616032506.0
010 _a9787-5-7890-0505-7
_9150
021 _aRU
_b2010-37652
_92524
035 _a(nilc)RSL-KNO-004648708
035 _a(NLR Aleph) 001517852
090 _a121485
_c121485
100 _a20100519d2009 |||y0rusy50 ca
101 0 _arus
102 _aRU
105 _aa zzzz|||||
200 1 _aЗадачи оптимизации на графах
_eучебное пособие
_e[для студентов специальности 090102 "Компьютерная безопасность" и для магистрантов направления 230100 "Информатика и вычислительная техника"]
_fВ.Н. Землянухин, Л.Н. Землянухина
_gФедеральное агентство по образованию, Гос. образовательное учреждение высш. проф. образования Донской гос. технический ун-т
210 _aРостов-на-Дону
_cИзд. центр ДГТУ
_d2009
215 _a120 с.
_cил.
_d21
320 _aБиблиогр.: с. 120
606 1 _aОптимизации теория
_jУчебные издания для высших учебных заведений
_92239435
_3RU\NLR\auth\661343838
610 0 _aФизико-математические науки -- Математика -- Геометрия и топология -- Топология -- Топология первых трех измерений. Узлы. Графы -- Учебник для высшей школы
686 _aВ182.1я73-1
_2rubbk
686 _aВ175.1я73-1
700 1 _4070
_7ca
_8rus
_aЗемлянухин
_bВ. Н.
_f1938-
_gВалентин Никанорович
_9188867
_3RU\NLR\AUTH\770188918
701 1 _aЗемлянухина
_bЛ. Н.
_gЛидия Николаевна
_4070
801 0 _aRU
_bРГБ
_c20100519
_gRCR
801 1 _aRU
_bРГБ
_c20100519
801 2 _aRU
_bNLR
_c20100622
_grcr
942 _cBOOK
980 _aNB